000 00684nam a2200217Ia 4500
003 GCL
008 140319s9999 xx 000 0 ara d
040 _aGCL /
_cGCL
082 0 4 _a811.9
_bم ش
100 1 _aمحمد على شوابكه
245 1 0 _aالشدياق الناقد : مقدمة ديوان احمد فارس الشدياق /
_cمحمد على شوابكه
300 _a142 ص
490 _a
650 0 4 _aالادب العربى
650 0 4 _aالعصر الحديث
650 0 4 _aدواوين وقصائد
650 0 4 _aلبنان
650 0 4 _aالشعر العربى - تاريخ ونقد
650 0 4 _aاحمد فارس الشدياق
942 _2ddc
_cBK
999 _c39313
_d39313